| 000 | 01091nam a22003257a 4500 | ||
|---|---|---|---|
| 001 | BR7905967 | ||
| 003 | BR-BrBNA | ||
| 005 | 20230928090119.0 | ||
| 007 | ta | ||
| 008 | 230509b bl.||||| |||| 00| 0 por d | ||
| 040 |
_aBR-BrBNA _bpor _cBiblioteca Nacional de Agricultura |
||
| 041 | _a(Por) | ||
| 072 |
_aL36 _b0170 _b3730 _b/G514 |
||
| 090 | _ 0170 BR7905967 | ||
| 100 | 1 | _aElias, M.C. | |
| 110 | 1 |
_aFaculdade de Agronomia Eliseu Maciel, Pelotas, RS (Brasil). Depto. de Nutricao e Alimentos _0Tese (Mestrado) _94469 |
|
| 245 | 1 | _aComposicao quimica em cultivares de sorgo granifero (Sorghum bicolor, L.)semeadas em diferentes epocas na regiao de Pelotas-RS [Brasil] | |
| 260 | 3 |
_aPelotas, RS (Brasil): _c1979. |
|
| 300 | _a54 p. | ||
| 500 | _a17 tables; Summaries (Eng, Por); Bibliography p. 46-54 (99 ref.) | ||
| 650 | _aComposicao de alimento | ||
| 650 | _aSorgo granifero | ||
| 650 | _aProteina | ||
| 650 | _aAnalise quimica | ||
| 650 | _aValor nutritivo | ||
| 650 | _aPelotas | ||
| 650 | _aRio Grande do Sul | ||
| 909 |
_a202309 _bLucia _c55 _dLucia Elande |
||
| 942 | _cBK | ||
| 999 |
_c27867 _d27867 |
||